Normal view
MARC view
Entry Personal Name
001 - CONTROL NUMBER
- control field: 536317
003 - CONTROL NUMBER IDENTIFIER
- control field: OSt
005 - DATE AND TIME OF LATEST TRANSACTION
- control field: 20220930075327.0
008 - FIXED-LENGTH DATA ELEMENTS
- fixed length control field: 220930|| aca||aabn | a|a d
040 ## - CATALOGING SOURCE
- Original cataloging agency: OSt
- Transcribing agency: OSt
100 ## - HEADING--PERSONAL NAME
- Personal name: Sehgal Rima
670 ## - SOURCE DATA FOUND
- Source citation: Work cat.: (OSt)868076: Sehgal Rima, Efficacy of cognitive behavioural therapy in the management of conduct disorders in adolescence, 2003
